000
00304nam a2200121Ia 4500
008
191201s2005 xx 000 0 und d
100
_a
GAYAKWAD, Ramakant
245
0
_a
Op-Amps and Linear Integrated Circuits
260
_a
N. Delhi
_b
PHI
_c
2005
300
_a
640
650
_a
B.Tech(ECE)
942
_2
ddc
_c
BK
999
_c
6350
_d
6350